| 000 | 00664nam a2200181Ia 4500 | ||
|---|---|---|---|
| 008 | 090201s9999 xx 000 0 und d | ||
| 010 | _aKPL-67350 | ||
| 040 | _bमराठी | ||
| 041 | _aमराठी | ||
| 082 |
_a44437 _b67350 |
||
| 100 | _aतसलिमा नसरिन | ||
| 245 |
_aफरासि प्रेमिक (फ्रेंच प्रेमिक) _cतसलिमा नसरिन |
||
| 250 | _a1 | ||
| 260 |
_c2005 _bमेहता पब्लिशिंग हाऊस |
||
| 300 |
_a318 _bमोठा |
||
| 600 | _aफरासि प्रेमिक (फ्रेंच प्रेमिक) | ||
| 942 | _cBOOK | ||
| 999 |
_c241439 _d241439 |
||